000 01184nam a22002537a 4500
005 20120112143825.0
008 120112t xxu||||| |||| 00| 0 mar d
010 _aMAR-21892
020 _c150.00
_a9788180860041
035 _aMR-14550
037 _bDBAD/PUB
040 _aDPL
_bMR
082 _a891.463
100 _aलाभसेटवार,अनंत पां
_939079
245 _aविवाहिता /
_cअनंत पां लाभसेटवार
246 _aVivahita
_bby Anant P. Labhasetwar
260 _aमुंबई
_bपरचुरे प्रकाशन मंदिर
_c2009
270 _a2/30 गोरेगांवकर बिल्डिंग गोरेगांवकर लेन,गिरगाव
_bमुंबई
_e400004
300 _a134पृ.
_c21सेमी(अजिल्द)
650 _aमराठी कादंबरी
_939909
650 _aMarathi Fiction
_939910
942 _2ddc
_cMR
_mलाभसे
_h891.463
999 _c61309
_d61309